[Event "Hebraica op 25th"]
[Site "Hebraica"]
[Date "2018.01.13"]
[Round "3"]
[White "De Almeida, Guilherme Pereira"]
[Black "Awoki, Daniel Teidi"]
[Result "1/2-1/2"]
[WhiteElo "1863"]
[BlackElo "2057"]
[PlyCount "116"]
[EventDate "2018.01.12"]
[EventType "swiss"]
[EventRounds "6"]
[EventCountry "BRA"]
[SourceTitle "CBM 182 Extra"]
[Source "ChessBase"]
[SourceDate "2018.02.23"]
[SourceVersion "1"]
[SourceVersionDate "2018.02.23"]
[SourceQuality "1"]

1. e4 c5 2. c3 Nf6 3. d3 Nc6 4. Nf3 g6 5. Be2 Bg7 6. 0-0 d6 7. Nbd2 e5 8. Qc2 0-0 9. Re1 Rb8 10. a4 a6 11. Nf1 h6 12. Ne3 b5 13. axb5 axb5 14. Nd5 Nxd5 15. exd5 Ne7 16. c4 f5 17. Ra7 Rf7 18. b3 Qb6 19. Ra2 g5 20. Nd2 g4 21. Bb2 Bb7 22. Nb1 b4 23. Nd2 Rff8 24. Rea1 Ra8 25. Nf1 Rxa2 26. Rxa2 Ra8 27. Rxa8+ Bxa8 28. f3 gxf3 29. Bxf3 Qa7 30. Qb1 Bb7 31. Ng3 Bc8 32. Bc1 Kh7 33. Nh5 Bh8 34. Qc2 Qa1 35. Qd2 Ng8 36. g4 Qd4+ 37. Kg2 Kg6 38. Ng3 Qa1 39. gxf5+ Kf7 40. Ne4 Qa6 41. Bh5+ Kf8 42. Qf2 Nf6 43. Nxf6 Bxf6 44. Bxh6+ Ke7 45. Bd1 Bd7 46. h4 Qc8 47. Bg4 Qg8 48. Kh3 Qa8 49. Bg5 Qa1 50. Bxf6+ Kxf6 51. Qg2 Qb1 52. Qf3 Qxb3 53. Qe3 e4 54. Qh6+ Ke5 55. Qg7+ Kf4 56. Qg5+ Ke5 57. Qg7+ Kf4 58. Qg5+ Ke5 1/2-1/2

[Event "Hebraica op 25th"]
[Site "Hebraica"]
[Date "2018.01.12"]
[Round "2"]
[White "De Almeida, Guilherme Pereira"]
[Black "Brujin, Homero"]
[Result "1-0"]
[WhiteElo "1863"]
[BlackElo "1482"]
[PlyCount "87"]
[EventDate "2018.01.12"]
[EventType "swiss"]
[EventRounds "6"]
[EventCountry "BRA"]
[SourceTitle "CBM 182 Extra"]
[Source "ChessBase"]
[SourceDate "2018.02.23"]
[SourceVersion "1"]
[SourceVersionDate "2018.02.23"]
[SourceQuality "1"]

1. Nf3 Nf6 2. d3 d5 3. Nbd2 e6 4. e4 dxe4 5. Nxe4 Nxe4 6. dxe4 Qxd1+ 7. Kxd1 Bc5 8. Ke1 0-0 9. Bd3 Nd7 10. Ke2 a6 11. Be3 b5 12. c3 Bb7 13. Bc2 Rfd8 14. Rhd1 Bxe3 15. Kxe3 Nb6 16. b3 c5 17. Rxd8+ Rxd8 18. Rd1 Rxd1 19. Bxd1 Nd7 20. Nd2 Nf6 21. g4 h6 22. h4 Nh7 23. f4 f6 24. e5 Kf7 25. Ne4 Bxe4 26. Kxe4 Ke7 27. a4 bxa4 28. bxa4 a5 29. Kd3 Kd7 30. Kc4 Kc6 31. Bf3+ Kb6 32. exf6 Nxf6 33. g5 hxg5 34. fxg5 Nd7 35. Kd3 Ne5+ 36. Ke4 Nc4 37. h5 Nd6+ 38. Kf4 Nf7 39. g6 Nh6 40. Ke5 Kc7 41. Kxe6 Kb6 42. Ke7 c4 43. Be4 Kc5 44. Kf8 1-0

[Event "Natal Potiguar op"]
[Site "Natal"]
[Date "2016.07.03"]
[Round "5"]
[White "De Almeida, Guilherme Pereira"]
[Black "Brito, Luismar Jorge"]
[Result "0-1"]
[WhiteElo "1867"]
[BlackElo "2223"]
[PlyCount "96"]
[EventDate "2016.07.01"]
[EventType "swiss"]
[EventRounds "6"]
[EventCountry "BRA"]
[SourceTitle "EXT 2017"]
[Source "ChessBase"]
[SourceDate "2016.10.25"]
[SourceVersion "1"]
[SourceVersionDate "2016.10.25"]
[SourceQuality "1"]

1. Nf3 c5 2. d3 Nc6 3. e4 e6 4. g3 d5 5. Nbd2 Nf6 6. Bg2 Be7 7. 0-0 0-0 8. e5 Nd7 9. Re1 Qc7 10. Qe2 f5 11. exf6 Rxf6 12. Nf1 Nf8 13. h4 Bd6 14. Ne3 Nd4 15. Nxd4 cxd4 16. Ng4 Rf5 17. c3 h5 18. Nh2 Rxf2 19. Qxf2 Bxg3 20. Qxd4 Bxh2+ 21. Kh1 Bg3 22. Rf1 Bd7 23. Bf4 Bxf4 24. Rxf4 Ng6 25. Rff1 Qg3 26. Rf3 Qxh4+ 27. Qxh4 Nxh4 28. Rg3 Nf5 29. Rg5 g6 30. Bf3 Kf7 31. Rag1 Ne7 32. Re1 Kf6 33. Rgg1 Be8 34. c4 Bd7 35. cxd5 exd5 36. Rg2 Rc8 37. Rf2 Nf5 38. Kh2 Rc5 39. Ref1 Be6 40. Re1 b6 41. Bd1 Rc1 42. Rfe2 Nd4 43. Rf2+ Bf5 44. Ref1 Ke5 45. Be2 Rc2 46. Re1 Kd6 47. Kg3 Rxb2 48. Bf1 h4+ 0-1